000 00794nam a2200277 i 4500
001 000013686
003 DO-SdBNP
005 20240530073932.0
007 ta
008 091127s1996 dr a 000 0 spa d
020 _a8484002047
040 _aDO-SdBNP
_bspa
_cBNPHU
_erda
049 _aBNPD
082 4 _aRD864.44
_bA989m
_222
100 1 _aAyuso, Juan José,
_914332
_eautor
245 1 0 _aMás o menos /
_cJuan José Ayuso.
264 _aSanto Domingo :
_bTaller,
_c1996.
300 _a184 páginas :
_bilustraciones ;
_c21 cm.
336 _2rdacontent
_atexto
_btxt
337 _2rdamedia
_asin mediación
_bn
338 _2rdacarrier
_avolumen
_bnc
590 _aInventariado, 2024/BT
650 0 _aEnsayos dominicanos
_965
650 4 _aLiteratura dominicana.
_967
942 _2ddc
_cLBS1
999 _c13299
_d13299